<Der> Handel <Das> Wirtschaftsmagazin für Handelsmanagement

Gespeichert in:
Bibliographische Detailangaben
Format: Schriftenreihe
Sprache:Deutsch
Veröffentlicht: Berlin Deutscher Fachverlag 1994
Schlagworte:
Tags: Tag hinzufügen
Keine Tags, Fügen Sie das erste Tag hinzu!

MARC

LEADER 00000nas2a2200000 4500
001 s017912
005 20240109100533.4
022 |a 0341-549X 
041 0 |a ger 
044 |a DE 
245 1 0 |a <Der> Handel  |b <Das> Wirtschaftsmagazin für Handelsmanagement 
264 1 |a Berlin  |b Deutscher Fachverlag  |c 1994 
300 |a 1 zv. 
773 0 |w eu_un_cat*s120195 
610 2 0 |a obchod vnútorný 
610 2 0 |a manažment 
610 2 0 |a politika obchodná